| 000 | 01254nji a22002897a 4500 | ||
|---|---|---|---|
| 005 | 20100909102445.0 | ||
| 006 | a|||||r|||||00| 0 | ||
| 007 | sd ammalaaahaa | ||
| 008 | 100830t xxu||||| |||| 00| 0 eng d | ||
| 028 |
_aN 55377 _bHis Master's Voice |
||
| 035 | _aGR-01631 | ||
| 040 |
_aSED _cSED |
||
| 100 |
_917455 _aDey, Manna |
||
| 245 |
_aBahu begum / _cby Manna Dey, Mohd. Rafi [and] Chorus ; music by Roshan ; lyrics by _h[sound recording] : |
||
| 246 | _aबहु बेगम / मन्ना डे द्वारा | ||
| 260 |
_aDum Dum, India _bHis Master's Voice _cn.d. |
||
| 300 |
_a1 sound disc [Gramophone Recording]: _banalog, 33 1/3 rpm _c9.5 in. (MP) _fGramophone Record |
||
| 500 | _aBrief Record | ||
| 505 | _aSide-1 वाकिफ हूँ खूब इश्क से (Vaakif hun khub ishq se) (Manna Dey) --Side-2 ढून्ढके लाऊं कहा से (Dhoondke laaun kaha se) (Manna Dey) | ||
| 650 |
_aClassical music _zIndia _91186 _xExcerpts |
||
| 700 |
_917416 _aMohd. Rafi |
||
| 700 | _917456 | ||
| 700 |
_aRoshan _919046 |
||
| 700 |
_aSahir Ludhianvi _919047 |
||
| 942 |
_2ddc _cGR |
||
| 999 |
_c44624 _d44624 |
||